| Record ID | ia:ivegotyouundermy0000clar_b0e9 |
| Source | Internet Archive |
| Download MARC XML | https://archive.org/download/ivegotyouundermy0000clar_b0e9/ivegotyouundermy0000clar_b0e9_marc.xml |
| Download MARC binary | https://www.archive.org/download/ivegotyouundermy0000clar_b0e9/ivegotyouundermy0000clar_b0e9_meta.mrc |
LEADER: 01666cam 2200457 i 4500
001 on1062308868
003 OCoLC
005 20210906014929.0
008 150910r20152014enk d 000 1 eng d
040 $aUKMGB$beng$erda$cUKMGB$dOCLCO$dOCLCF$dNZNAP$dOCLCQ$dOCLCO
015 $aGBB5C8496$2bnb
016 7 $a017554032$2Uk
019 $a1083741099$a1108244735$a1199659907
020 $a9780750541749$q(hbk.)
020 $a0750541741
035 $a(OCoLC)1062308868$z(OCoLC)1083741099$z(OCoLC)1108244735$z(OCoLC)1199659907
043 $an-us-ny
082 04 $a813.54$223
100 1 $aClark, Mary Higgins,$eauthor.
245 10 $aI've got you under my skin /$cby Mary Higgins Clark.
250 $a[Large print edition].
264 1 $aLong Preston, North Yorkshire, England :$bMagna Large Print Books,$c2015.
264 4 $c©2014
300 $a315 pages (large print) ;$c23 cm
336 $atext$btxt$2rdacontent
337 $aunmediated$bn$2rdamedia
338 $avolume$bnc$2rdacarrier
340 $nLarge print.
490 1 $aUnder suspicion
500 $aStandard print edition originally published: London: Simon & Schuster, 2014.
651 0 $aManhattan (New York, N.Y.)$vFiction.
651 7 $aNew York (State)$zNew York$zManhattan.$2fast$0(OCoLC)fst01312688
655 0 $aLarge type books.
655 4 $aThriller fiction.
655 7 $aFiction.$2fast$0(OCoLC)fst01423787
655 7 $aThrillers (Fiction)$2fast$0(OCoLC)fst01726755
655 7 $aThrillers (Fiction)$2lcgft
800 1 $aClark, Mary Higgins.$tUnder suspicion ;$vPrequel.
029 0 $aUKMGB$b017554032
994 $aZ0$bP4A
948 $hNO HOLDINGS IN P4A - 51 OTHER HOLDINGS